000 00362nam a2200145Ia 4500
008 230917s9999||||xx |||||||||||||| ||und||
040 _e48636
_aMAIN
041 _aEnglish
082 _a954.5 N164S
100 _aNarang, A S
245 0 _aStorm over the Sutley: the Akali politics
260 _aNew Delhi
_bGitanjali
_c1983
300 _ax, 261 p.
942 _cBK
999 _c43975
_d43975